[Event "WYCC-U12"]
[Site "Antalya TUR"]
[Date "2009.11.12"]
[Round "1.27"]
[White "Wang, Richard"]
[Black "Vural, Murathan"]
[Result "1-0"]
[WhiteElo "2044"]
[BlackElo "1657"]
[PlyCount "101"]
[GameId "2129405082099521"]
[EventDate "2009.11.12"]
[EventType "swiss"]
[EventRounds "11"]
[EventCountry "TUR"]

1. d4 d5 2. Nf3 e6 3. e3 Nf6 4. Bd3 c6 5. b3 Nbd7 6. Bb2 Be7 7. O-O O-O 8. Nbd2 b5 9. a4 bxa4 10. Rxa4 c5 11. Qe2 Qc7 12. Rfa1 Nb6 13. Ra5 Bd7 14. dxc5 Bxc5 15. Ng5 e5 16. Rxc5 Qxc5 17. Bxe5 Qc6 18. Rc1 Bg4 19. f3 Bh5 20. Bxf6 gxf6 21. Nxh7 Rfe8 22. Qf2 Bg6 23. Qg3 Kxh7 24. Bxg6+ fxg6 25. Qh4+ Kg7 26. Qd4 Qe6 27. Kf2 Qe5 28. Qxe5 Rxe5 29. f4 Re6 30. Ra1 f5 31. Nf3 Nd7 32. Nd4 Re4 33. Ra6 Re7 34. Ne6+ Kf7 35. Nc7 Rc8 36. Nxd5 Rxc2+ 37. Kf3 Re6 38. Rxa7 Rd6 39. Nb4 Rc3 40. Na6 Ke6 41. Nc7+ Rxc7 42. Rxc7 Rb6 43. Rc3 Nf6 44. Rd3 Nd7 45. g4 fxg4+ 46. Kxg4 Nc5 47. Rc3 Ne4 48. Rc4 Kd5 49. Rd4+ Kc5 50. Rxe4 Rxb3 51. Kg5 1-0

[Event "WYCC-U12"]
[Site "Antalya TUR"]
[Date "2009.11.13"]
[Round "2.22"]
[White "Wagdy, Andro"]
[Black "Wang, Richard"]
[Result "0-1"]
[WhiteElo "1895"]
[BlackElo "2044"]
[PlyCount "138"]
[GameId "2129405082099583"]
[EventDate "2009.11.12"]
[EventType "swiss"]
[EventRounds "11"]
[EventCountry "TUR"]

1. d4 d5 2. Nf3 Nf6 3. e3 Bf5 4. Bd3 Bxd3 5. cxd3 e6 6. O-O c5 7. dxc5 Bxc5 8. d4 Bd6 9. Ne5 Bxe5 10. dxe5 Nfd7 11. f4 O-O 12. b3 Qb6 13. Qd4 Qa6 14. Ba3 Rc8 15. Bd6 Nc6 16. Qb2 Qb6 17. Qd2 d4 18. e4 Nc5 19. Re1 Qb4 20. Rc1 Qxd2 21. Nxd2 Nd3 22. Rf1 Ncb4 23. Bxb4 Nxb4 24. Nc4 Nc2 25. Rac1 d3 26. Rfd1 Nd4 27. Ra1 Ne2+ 28. Kf1 Nxf4 29. g3 Ng6 30. a4 Rd8 31. Kf2 Rd7 32. Ke3 Rad8 33. Rd2 Rc7 34. Rxd3 Rxd3+ 35. Kxd3 Kf8 36. Kc3 Rc5 37. Kd4 Rc6 38. Rf1 Ke7 39. Ra1 Rc7 40. Rf1 b6 41. Rb1 Rd7+ 42. Ke3 Rd8 43. Ra1 a6 44. Nxb6 Nxe5 45. Ke2 Rd4 46. a5 Rxe4+ 47. Kd2 Rd4+ 48. Kc3 Rd8 49. b4 f5 50. Re1 Nf3 51. Re3 Nd4 52. Kc4 Nb5 53. Kc5 Na7 54. Ra3 Rd6 55. Re3 g5 56. Re2 h5 57. Nc4 Rc6+ 58. Kd4 Nb5+ 59. Kd3 Kf6 60. Re1 Rc8 61. Nb6 Rc3+ 62. Kd2 Rc7 63. Kd3 h4 64. gxh4 gxh4 65. Kd2 f4 66. Ke2 Kf5 67. Kf3 Rc2 68. Rd1 e5 69. Rd5 Nd4+ 0-1

[Event "WYCC-U12"]
[Site "Antalya TUR"]
[Date "2009.11.14"]
[Round "3.1"]
[White "Vaibhav, Suri"]
[Black "Wang, Richard"]
[Result "1-0"]
[WhiteElo "2344"]
[BlackElo "2044"]
[PlyCount "57"]
[GameId "2129405082099632"]
[EventDate "2009.11.12"]
[EventType "swiss"]
[EventRounds "11"]
[EventCountry "TUR"]

1. e4 c5 2. Nf3 d6 3. d4 cxd4 4. Nxd4 Nf6 5. Nc3 g6 6. Be3 Bg7 7. f3 Nc6 8. Qd2 Bd7 9. O-O-O Rc8 10. g4 Ne5 11. Kb1 a6 12. h4 h5 13. g5 Nh7 14. f4 Ng4 15. f5 Nxe3 16. Qxe3 O-O 17. Be2 Re8 18. Rhf1 Qa5 19. Nd5 Qc5 20. c3 Bc6 21. Qf3 Bxd5 22. exd5 Bxd4 23. Rxd4 Rf8 24. Qe4 Kg7 25. Bd3 Kh8 26. Rc4 Qb6 27. fxg6 fxg6 28. Rxc8 Rxc8 29. Qxg6 1-0

[Event "WYCC-U12"]
[Site "Antalya TUR"]
[Date "2009.11.15"]
[Round "4.21"]
[White "Wang, Richard"]
[Black "Naoum, Spyridon"]
[Result "1-0"]
[WhiteElo "2044"]
[BlackElo "1885"]
[PlyCount "129"]
[GameId "2129405082095626"]
[EventDate "2009.11.12"]
[EventType "swiss"]
[EventRounds "11"]
[EventCountry "TUR"]

1. d4 d5 2. Nf3 e6 3. e3 f5 4. Nbd2 Nf6 5. Be2 Bd6 6. c4 c6 7. b3 O-O 8. Bb2 b6 9. O-O Bb7 10. Ne5 Nbd7 11. f4 Rc8 12. Rc1 Ne4 13. Nxe4 dxe4 14. c5 Bxe5 15. fxe5 Qg5 16. Qd2 Rfd8 17. Bc4 Qh6 18. cxb6 Nxb6 19. Qe2 Nd5 20. Bxd5 cxd5 21. a4 a5 22. h3 Ra8 23. Qd2 Ba6 24. Rfe1 Rdb8 25. Rc3 Rb6 26. Ba3 Qg5 27. Bc5 Rb7 28. Rec1 Bd3 29. Bd6 h5 30. Qf2 Kh7 31. Kh2 Qd8 32. Rc7 Rxc7 33. Rxc7 Rc8 34. Re7 Qg8 35. Qf4 Kh8 36. Qg5 Be2 37. Qg6 Bd1 38. Rxe6 f4 39. exf4 e3 40. Be7 Qe8 41. Qg3 Qf7 42. f5 e2 43. Bh4 e1=Q 44. Qxe1 Qxf5 45. Re7 Qf4+ 46. Qg3 Qxg3+ 47. Kxg3 Bxb3 48. Ra7 Rc4 49. e6 Bxa4 50. e7 Rc8 51. Rxa5 Bb3 52. Rb5 Bc4 53. Rc5 Re8 54. Rxc4 dxc4 55. d5 c3 56. d6 c2 57. d7 Rg8 58. Bg5 h4+ 59. Kxh4 c1=Q 60. Bxc1 g5+ 61. Bxg5 Kh7 62. e8=Q Rxg5 63. Kxg5 Kg7 64. Qe7+ Kh8 65. d8=R# 1-0

[Event "WYCC-U12"]
[Site "Antalya TUR"]
[Date "2009.11.16"]
[Round "5.16"]
[White "Sheykhhasani, Bardia"]
[Black "Wang, Richard"]
[Result "0-1"]
[WhiteElo "1894"]
[BlackElo "2044"]
[PlyCount "88"]
[GameId "2129405082095691"]
[EventDate "2009.11.12"]
[EventType "swiss"]
[EventRounds "11"]
[EventCountry "TUR"]

1. e4 c5 2. Nf3 d6 3. d4 cxd4 4. Nxd4 Nf6 5. Nc3 g6 6. Be3 Bg7 7. Be2 Nc6 8. O-O O-O 9. Nb3 Be6 10. f4 Rc8 11. f5 Bd7 12. Qe1 Ne5 13. Qh4 b5 14. a3 a5 15. Bxb5 Rxc3 16. bxc3 Bxb5 17. Rfe1 Qc7 18. Bd4 Nc6 19. Re3 a4 20. Nd2 Nxd4 21. cxd4 Qxc2 22. Nf3 Re8 23. Rae1 Nh5 24. fxg6 hxg6 25. Qg5 Bd3 26. Ra1 Bxe4 27. Kh1 Bf6 28. Qb5 Bc6 29. Qf1 Bxf3 30. Rxf3 Bxd4 31. Rc1 Qb2 32. Rb1 Qa2 33. Rd1 Be5 34. Rc1 Nf6 35. Re1 Rb8 36. Re2 Rb2 37. Rxb2 Qxb2 38. Qe1 d5 39. h3 Ne4 40. h4 f6 41. Kg1 Qd4+ 42. Kh1 Ng3+ 43. Kh2 Qxh4+ 44. Kg1 Bd4+ 0-1

[Event "WYCC-U12"]
[Site "Antalya TUR"]
[Date "2009.11.16"]
[Round "6.4"]
[White "Wang, Richard"]
[Black "Zanan, Evgeny"]
[Result "1-0"]
[WhiteElo "2044"]
[BlackElo "2168"]
[PlyCount "61"]
[GameId "2129405082136709"]
[EventDate "2009.11.12"]
[EventType "swiss"]
[EventRounds "11"]
[EventCountry "TUR"]

1. d4 Nf6 2. Nf3 e6 3. e3 c5 4. Bd3 d5 5. b3 Nc6 6. O-O Bd6 7. Bb2 O-O 8. Ne5 cxd4 9. exd4 Qc7 10. f4 Nb4 11. Nc3 Nxd3 12. Qxd3 a6 13. Rf3 b5 14. Rh3 g6 15. a3 Bb7 16. Rf1 b4 17. axb4 Bxb4 18. Qg3 Rfe8 19. Qh4 Be7 20. Ba3 Nh5 21. Bxe7 Qxe7 22. Qxe7 Rxe7 23. g4 Nf6 24. g5 Nd7 25. Na4 Ra7 26. Rhf3 a5 27. Rc3 Nxe5 28. fxe5 Ba6 29. Rf2 Bb5 30. Nb6 Rac7 31. Nc8 1-0

[Event "WYCC-U12"]
[Site "Antalya TUR"]
[Date "2009.11.18"]
[Round "7.2"]
[White "Wang, Richard"]
[Black "Artemenko, Oleg"]
[Result "1-0"]
[WhiteElo "2044"]
[BlackElo "2157"]
[PlyCount "103"]
[GameId "2129405082136777"]
[EventDate "2009.11.12"]
[EventType "swiss"]
[EventRounds "11"]
[EventCountry "TUR"]

1. d4 d5 2. Nf3 Nf6 3. Bg5 Ne4 4. Bf4 c5 5. e3 Qb6 6. Qc1 Nc6 7. c3 Bg4 8. Ne5 Nxe5 9. Bxe5 f6 10. Bg3 cxd4 11. exd4 Nxg3 12. hxg3 Qe6+ 13. Qe3 Qxe3+ 14. fxe3 e5 15. Bd3 Bd6 16. Kf2 Kf7 17. Nd2 h5 18. Bc2 Ke7 19. Rae1 e4 20. Bd1 Bxd1 21. Rxd1 b5 22. Nb3 Ke6 23. Na5 Rab8 24. b4 Rbc8 25. Rc1 Rc7 26. Nb3 f5 27. Nc5+ Kf6 28. a4 bxa4 29. Ra1 Bxc5 30. dxc5 g5 31. Rxa4 Ke5 32. Ra6 f4 33. gxf4+ gxf4 34. exf4+ Kxf4 35. Rd6 e3+ 36. Ke2 Rg7 37. Rf1+ Kg3 38. Rxd5 h4 39. Kxe3 Re8+ 40. Kd3 Kxg2 41. Rdf5 h3 42. R5f2+ Kg3 43. Rf7 Rxf7 44. Rxf7 Rh8 45. Rxa7 h2 46. Ra1 h1=Q 47. Rxh1 Rxh1 48. c6 Kf4 49. Kd4 Kf5 50. c7 Rh8 51. Kd5 Rc8 52. Kd6 1-0

[Event "WYCC-U12"]
[Site "Antalya TUR"]
[Date "2009.11.20"]
[Round "9.5"]
[White "Wang, Richard"]
[Black "Zenzera, Alexey"]
[Result "1-0"]
[WhiteElo "2044"]
[BlackElo "2142"]
[PlyCount "37"]
[GameId "2129405082136920"]
[EventDate "2009.11.12"]
[EventType "swiss"]
[EventRounds "11"]
[EventCountry "TUR"]

1. d4 Nf6 2. Nf3 c5 3. c3 e6 4. Bg5 Be7 5. Nbd2 cxd4 6. cxd4 d5 7. e3 O-O 8. Bd3 Nc6 9. a3 a5 10. O-O Qb6 11. b3 h6 12. Bh4 Bd7 13. Ne5 Be8 14. f4 Rc8 15. Rf3 Na7 16. Rg3 Nb5 17. Ng4 Nc3 18. Nxf6+ Bxf6 19. Bxf6 1-0

[Event "WYCC-U12"]
[Site "Antalya TUR"]
[Date "2009.11.21"]
[Round "10.3"]
[White "Tran Tuan Minh"]
[Black "Wang, Richard"]
[Result "0-1"]
[WhiteElo "2105"]
[BlackElo "2044"]
[PlyCount "116"]
[GameId "2129405082145180"]
[EventDate "2009.11.12"]
[EventType "swiss"]
[EventRounds "11"]
[EventCountry "TUR"]

1. d4 Nf6 2. Bg5 e6 3. e4 h6 4. Bxf6 Qxf6 5. c3 d5 6. Nd2 c5 7. Ngf3 cxd4 8. e5 Qd8 9. Nxd4 Nc6 10. f4 Nxd4 11. cxd4 Qb6 12. Nb3 Bb4+ 13. Kf2 O-O 14. g3 a5 15. a4 f6 16. exf6 Rxf6 17. Kg2 Bd7 18. Bd3 Rc8 19. Rf1 Bd6 20. Bb5 Bxb5 21. axb5 Bb4 22. Qd3 Rc4 23. g4 Qxb5 24. g5 hxg5 25. fxg5 Rxf1 26. Rxf1 a4 27. Nc1 Qe8 28. Ne2 Qh5 29. g6 Bd6 30. h3 Rc8 31. Kh1 Rf8 32. Rxf8+ Kxf8 33. Ng1 Qf5 34. Qxf5+ exf5 35. Ne2 a3 36. bxa3 Bxa3 37. Nc3 Bb2 38. Nxd5 Bxd4 39. Kg2 Ke8 40. Kf3 Kd7 41. h4 Ke6 42. Nc7+ Kf6 43. h5 Be5 44. Nd5+ Kg5 45. Ne7 Kxh5 46. Nxf5 Kxg6 47. Ne7+ Kf7 48. Nd5 Ke6 49. Nb6 Bd4 50. Nc4 b5 51. Nd2 Kd5 52. Nb3 b4 53. Na5 Bb6 54. Nb3 Kc4 55. Nd2+ Kd3 56. Ne4 b3 57. Ng5 b2 58. Ne6 b1=Q 0-1

[Event "WYCC-U12"]
[Site "Antalya TUR"]
[Date "2009.11.22"]
[Round "11.2"]
[White "Wang, Richard"]
[Black "Duda, Jan Krzysztof"]
[Result "1/2-1/2"]
[WhiteElo "2044"]
[BlackElo "2079"]
[PlyCount "111"]
[GameId "2129405082145248"]
[EventDate "2009.11.12"]
[EventType "swiss"]
[EventRounds "11"]
[EventCountry "TUR"]

1. d4 Nf6 2. Nf3 g6 3. Bg5 Bg7 4. Nbd2 d5 5. e3 O-O 6. Bd3 Nbd7 7. O-O Re8 8. c4 dxc4 9. Bxc4 c5 10. Qb3 Rf8 11. d5 Nb6 12. e4 h6 13. Bxf6 exf6 14. Rfe1 Re8 15. Rad1 Bd7 16. Bb5 f5 17. e5 Bxb5 18. Qxb5 Qxd5 19. Nb3 Qc4 20. Qxc5 Rac8 21. Qa5 Qa4 22. g3 Rc2 23. Rb1 Re7 24. Rec1 Re2 25. Re1 Rc2 26. Rec1 Rec7 27. Rxc2 Rxc2 28. Kg2 Bf8 29. Nfd4 Rc4 30. Qd2 Qd7 31. f4 Qd5+ 32. Kh3 Bb4 33. Qe2 Rxd4 34. Nxd4 Qxd4 35. Rd1 Qe4 36. Qxe4 fxe4 37. Rd4 Bc5 38. Rxe4 Kf8 39. b4 Be7 40. a3 h5 41. g4 hxg4+ 42. Kxg4 Ke8 43. f5 Nd5 44. h4 b5 45. f6 Bd8 46. Rd4 Ne3+ 47. Kg5 Bb6 48. Re4 Nd5 49. Kh6 Nc7 50. Kg7 Ne6+ 51. Kg8 Bd4 52. Re2 a6 53. Re1 Bb2 54. Re3 Bd4 55. Re2 Bc3 56. Re3 1/2-1/2

[Event "Wch U12"]
[Site "Kemer"]
[Date "2009.11.19"]
[Round "8"]
[White "Pamatmat, Jarod John Munda"]
[Black "Wang, Richard"]
[Result "1-0"]
[WhiteElo "2029"]
[BlackElo "2044"]
[PlyCount "65"]
[GameId "1166652625510400"]
[EventDate "2009.11.12"]
[EventType "swiss"]
[EventRounds "11"]
[EventCountry "TUR"]
[SourceTitle "EXT 2010"]
[Source "ChessBase"]
[SourceDate "2009.11.30"]
[SourceVersion "1"]
[SourceVersionDate "2009.11.30"]
[SourceQuality "1"]

1. d4 d5 2. c4 c6 3. Nf3 Nf6 4. e3 e6 5. Nbd2 Nbd7 6. Bd3 Bd6 7. O-O O-O 8. e4 dxe4 9. Nxe4 Nxe4 10. Bxe4 f5 11. Bc2 Qf6 12. Re1 h6 13. c5 Bc7 14. Rxe6 Qd8 15. Bb3 Kh8 16. Re1 Nf6 17. Bc4 Ne4 18. Bd2 Re8 19. Qb3 g5 20. Bc3 g4 21. Ne5 Bxe5 22. dxe5 Nxc5 23. e6+ Kh7 24. Qc2 Qg5 25. Re5 Ne4 26. Re1 Qg6 27. Bd3 Kg8 28. R5xe4 fxe4 29. Bxe4 Qg5 30. Bh7+ Kf8 31. Re5 Qd8 32. Rf5+ Ke7 33. Bf6+ 1-0

[Event "Wch U20 52nd"]
[Site "Kocaeli"]
[Date "2013.09.18"]
[Round "6"]
[White "Kuybokarov, Temur"]
[Black "Wang, Richard"]
[Result "1-0"]
[WhiteElo "2074"]
[BlackElo "2430"]
[PlyCount "47"]
[GameId "1166657370411008"]
[EventDate "2013.09.13"]
[EventType "swiss"]
[EventRounds "13"]
[EventCountry "TUR"]
[SourceTitle "CBM 156 Extra"]
[Source "ChessBase"]
[SourceDate "2013.10.22"]
[SourceVersion "1"]
[SourceVersionDate "2013.10.22"]
[SourceQuality "1"]

1. e4 e6 2. d4 d5 3. Nd2 Nf6 4. e5 Nfd7 5. Bd3 c5 6. c3 Nc6 7. Ne2 cxd4 8. cxd4 f6 9. exf6 Nxf6 10. Nf3 Bd6 11. O-O Qc7 12. Bd2 O-O 13. Rc1 Bd7 14. Ng3 Qb6 15. Bc3 Bf4 16. Ra1 g6 17. Re1 e5 18. dxe5 Ng4 19. Nh1 Rae8 20. Bc4 dxc4 21. Qxd7 Ncxe5 22. Bxe5 Nxe5 23. Nxe5 Bxe5 24. Qd5+ 1-0

[Event "Wch U20 52nd"]
[Site "Kocaeli"]
[Date "2013.09.22"]
[Round "9"]
[White "Wang, Richard"]
[Black "Yuksel, Atilla Koksal"]
[Result "1-0"]
[WhiteElo "2430"]
[BlackElo "2060"]
[PlyCount "61"]
[GameId "1166657371205632"]
[EventDate "2013.09.13"]
[EventType "swiss"]
[EventRounds "13"]
[EventCountry "TUR"]
[SourceTitle "CBM 156 Extra"]
[Source "ChessBase"]
[SourceDate "2013.10.22"]
[SourceVersion "1"]
[SourceVersionDate "2013.10.22"]
[SourceQuality "1"]

1. d4 d5 2. Nf3 Nf6 3. e3 c6 4. c4 e6 5. b3 Nbd7 6. Bb2 Bd6 7. Bd3 O-O 8. O-O Re8 9. Ne5 Qc7 10. f4 Ne4 11. Nc3 f5 12. g4 Ndf6 13. Nxe4 Nxe4 14. Rc1 Qe7 15. Rc2 Rf8 16. Rg2 Bd7 17. Kh1 Be8 18. gxf5 exf5 19. Rfg1 Kh8 20. Bxe4 fxe4 21. Qg4 g6 22. f5 Rg8 23. Qh3 g5 24. Qh6 Qf8 25. Rxg5 Rxg5 26. Qxg5 Be7 27. Qg4 Rd8 28. f6 Bxf6 29. Ba3 Qg7 30. Be7 Bxe5 31. dxe5 1-0

[Event "Wch U20 52nd"]
[Site "Kocaeli"]
[Date "2013.09.23"]
[Round "10"]
[White "Barros Rivadeneira, Cristhian"]
[Black "Wang, Richard"]
[Result "1-0"]
[WhiteElo "2238"]
[BlackElo "2430"]
[PlyCount "85"]
[GameId "1166657371271168"]
[EventDate "2013.09.13"]
[EventType "swiss"]
[EventRounds "13"]
[EventCountry "TUR"]
[SourceTitle "CBM 156 Extra"]
[Source "ChessBase"]
[SourceDate "2013.10.22"]
[SourceVersion "1"]
[SourceVersionDate "2013.10.22"]
[SourceQuality "1"]

1. d4 d5 2. c4 c6 3. Nf3 Nf6 4. Nc3 dxc4 5. a4 Bf5 6. e3 e6 7. Bxc4 Bb4 8. O-O O-O 9. Qe2 Bg4 10. Rd1 Nbd7 11. h3 Bh5 12. e4 Qe7 13. Bf4 Bxf3 14. Qxf3 e5 15. Bg3 exd4 16. Rxd4 Bc5 17. Rd2 Ne5 18. Qe2 Bb4 19. Ba2 Bxc3 20. bxc3 Qc5 21. Rad1 Rae8 22. Kh1 Qxc3 23. Bh2 Qa5 24. f4 Ng6 25. e5 Qxa4 26. Rd4 Qa5 27. Qb2 c5 28. Rc4 Rd8 29. Rdc1 Nd7 30. R4c2 Qb6 31. Qa1 Ne7 32. Rd2 Nf5 33. Rcd1 Nb8 34. e6 Rxd2 35. exf7+ Kh8 36. Rxd2 Nd4 37. f5 Nd7 38. Qe1 Qh6 39. Rd1 Qf6 40. Qe8 Qd8 41. Re1 Nf6 42. Qxd8 Rxd8 43. Bd6 1-0

[Event "World op 42nd"]
[Site "Arlington"]
[Date "2014.07.02"]
[Round "1"]
[White "Wang, Richard"]
[Black "Helfst, Matt D"]
[Result "1-0"]
[WhiteElo "2365"]
[BlackElo "1953"]
[PlyCount "67"]
[GameId "1166658331533312"]
[EventDate "2014.07.02"]
[EventType "swiss"]
[EventRounds "9"]
[EventCountry "USA"]
[SourceTitle "CBM 161 Extra"]
[Source "ChessBase"]
[SourceDate "2014.08.29"]
[SourceVersion "1"]
[SourceVersionDate "2014.08.29"]
[SourceQuality "1"]

1. d4 d5 2. Nf3 Nf6 3. e3 e6 4. Bd3 c5 5. b3 Nc6 6. O-O cxd4 7. exd4 Bd6 8. Bb2 O-O 9. a3 b6 10. Ne5 Bxe5 11. dxe5 Nd7 12. f4 h6 13. Qg4 Nc5 14. Bb5 Ne7 15. b4 Ba6 16. Bxa6 Nxa6 17. Nd2 Rc8 18. Rac1 b5 19. Bd4 Qc7 20. c3 Nf5 21. Bf2 d4 22. c4 Ne3 23. Bxe3 dxe3 24. Ne4 bxc4 25. Nd6 Rcd8 26. Qe2 Qd7 27. Qxc4 Nb8 28. Qe4 e2 29. Qxe2 Qa4 30. Qd3 Nd7 31. Qg3 Nb6 32. Rc5 Rd7 33. Rfc1 Re7 34. f5 1-0

[Event "World op 42nd"]
[Site "Arlington"]
[Date "2014.07.06"]
[Round "8"]
[White "Wang, Richard"]
[Black "Gareyev, Timur"]
[Result "0-1"]
[WhiteElo "2365"]
[BlackElo "2640"]
[PlyCount "92"]
[GameId "1166658332106752"]
[EventDate "2014.07.02"]
[EventType "swiss"]
[EventRounds "9"]
[EventCountry "USA"]
[SourceTitle "CBM 161 Extra"]
[Source "ChessBase"]
[SourceDate "2014.08.29"]
[SourceVersion "1"]
[SourceVersionDate "2014.08.29"]
[SourceQuality "1"]

1. d4 Nf6 2. Nf3 e6 3. e3 d6 4. c4 g6 5. Nc3 Bg7 6. b3 O-O 7. Bb2 Nbd7 8. Be2 b6 9. O-O Bb7 10. Qc2 Qe7 11. Rad1 a6 12. e4 c5 13. Rfe1 cxd4 14. Nxd4 Nc5 15. Bf1 Rac8 16. a4 Rfd8 17. g3 h5 18. Bg2 h4 19. Ba3 hxg3 20. hxg3 Ng4 21. a5 bxa5 22. f3 Nf6 23. f4 Nh5 24. Nde2 Qc7 25. Bf3 Qb6 26. Kg2 Bc6 27. Nd4 Be8 28. e5 Qb8 29. Bxc5 dxc5 30. Nde2 Bh6 31. Ne4 Bc6 32. Rxd8+ Rxd8 33. Rh1 Bxe4 34. Qxe4 Qxb3 35. g4 Nxf4+ 36. Nxf4 Bg7 37. Ne2 a4 38. Rb1 Qa2 39. Kg3 Bxe5+ 40. Qxe5 Qxb1 41. Qxc5 Qb8+ 42. Kg2 Rc8 43. Qg5 Rxc4 44. Ng3 a3 45. Be4 a2 46. Bxg6 a1=Q 0-1

[Event "North American op 29th"]
[Site "Las Vegas"]
[Date "2019.12.29"]
[Round "8"]
[White "Katz, Alexander R"]
[Black "Wang, Richard"]
[Result "1/2-1/2"]
[WhiteElo "2404"]
[BlackElo "2342"]
[PlyCount "59"]
[GameId "1469067436802048"]
[EventDate "2019.12.26"]
[EventType "swiss"]
[EventRounds "9"]
[EventCountry "USA"]
[SourceTitle "CBM 194 Extra"]
[Source "ChessBase"]
[SourceDate "2020.03.31"]
[SourceVersion "1"]
[SourceVersionDate "2020.03.31"]
[SourceQuality "1"]

1. e4 c5 2. Nf3 g6 3. c3 d5 4. exd5 Qxd5 5. d4 Bg7 6. dxc5 Qxc5 7. Be3 Qc7 8. Na3 a6 9. Nc4 Nd7 10. a4 b6 11. Qb3 Rb8 12. Be2 Ngf6 13. O-O O-O 14. Bd4 Bb7 15. Nce5 Bxf3 16. Nxf3 e5 17. Be3 Ng4 18. Ng5 Nxe3 19. fxe3 Nc5 20. Qa2 b5 21. axb5 axb5 22. Rxf7 Rxf7 23. Rf1 Qa7 24. Qxf7+ Qxf7 25. Nxf7 Na4 26. Nd6 Bh6 27. e4 Be3+ 28. Kh1 Nxb2 29. Rb1 Rd8 30. Rxb2 1/2-1/2

[Event "Ivy League Chess Challenge"]
[Site "Toronto CAN"]
[Date "2018.11.09"]
[Round "1.2"]
[White "Fu, James"]
[Black "Wang, Richard"]
[Result "0-1"]
[WhiteElo "2061"]
[BlackElo "2332"]
[PlyCount "112"]
[GameId "2160767908052131"]
[EventDate "2018.11.09"]
[EventType "team"]
[EventRounds "5"]
[EventCountry "CAN"]
[SourceTitle "CBM 187 Extra"]
[Source "ChessBase"]
[SourceDate "2018.11.04"]
[SourceVersion "1"]
[SourceVersionDate "2018.11.04"]
[SourceQuality "1"]
[WhiteTeam "Toronto Univ"]
[BlackTeam "Harvard Univ"]
[WhiteTeamCountry "CAN"]
[BlackTeamCountry "USA"]

1. e4 c5 2. Nc3 Nc6 3. g3 g6 4. Bg2 Bg7 5. Nge2 d6 6. d3 Nf6 7. h3 O-O 8. O-O Rb8 9. a4 a6 10. Be3 b5 11. axb5 axb5 12. Qd2 b4 13. Nd1 Re8 14. f4 Bb7 15. g4 Qb6 16. Ra4 Nd7 17. f5 Ra8 18. Rxa8 Rxa8 19. h4 Nde5 20. g5 Ng4 21. h5 Nd4 22. fxg6 fxg6 23. hxg6 hxg6 24. Nf4 Ne5 25. c3 Nb3 26. Qc2 bxc3 27. bxc3 Qb5 28. d4 cxd4 29. cxd4 Rc8 30. Qa2 Ra8 31. Qc2 Rc8 32. Qf2 Ng4 33. Qf3 Nxe3 34. Nxe3 Rf8 35. Qg4 Bc8 36. Qd1 Bxd4 37. Nfd5 Bxe3+ 38. Nxe3 Rxf1+ 39. Qxf1 Qxf1+ 40. Kxf1 Nc5 41. e5 dxe5 42. Ke2 Kf7 43. Bd5+ Be6 44. Bc6 Bf5 45. Bd5+ Be6 46. Bc6 Bb3 47. Kf3 Ba2 48. Kg3 Ke6 49. Kf3 Kd6 50. Be8 Bb1 51. Bf7 Be4+ 52. Kg4 e6 53. Nc4+ Kd5 54. Ne3+ Kd4 55. Nd1 Bf5+ 56. Kf3 Ne4 0-1

[Event "Ivy League Chess Challenge"]
[Site "Toronto CAN"]
[Date "2018.11.09"]
[Round "2.3"]
[White "Wang, Richard"]
[Black "Li, Ethan"]
[Result "1-0"]
[WhiteElo "2332"]
[BlackElo "2248"]
[PlyCount "79"]
[GameId "2160767908052151"]
[EventDate "2018.11.09"]
[EventType "team"]
[EventRounds "5"]
[EventCountry "CAN"]
[SourceTitle "CBM 187 Extra"]
[Source "ChessBase"]
[SourceDate "2018.11.04"]
[SourceVersion "1"]
[SourceVersionDate "2018.11.04"]
[SourceQuality "1"]
[WhiteTeam "Harvard Univ"]
[BlackTeam "Princeton University"]
[WhiteTeamCountry "USA"]
[BlackTeamCountry "USA"]

1. d4 Nf6 2. Nf3 d5 3. e3 c5 4. c4 cxd4 5. exd4 Nc6 6. Nc3 e6 7. a3 Be7 8. c5 Ne4 9. Bb5 Nxc3 10. bxc3 O-O 11. O-O Bd7 12. Bf4 Ne5 13. a4 Ng6 14. Bg3 f5 15. Be5 Bf6 16. Re1 Rc8 17. Qb3 f4 18. c4 Bc6 19. Bxc6 bxc6 20. Bd6 Re8 21. cxd5 exd5 22. Rxe8+ Qxe8 23. Qb7 Nh4 24. Nxh4 Bxh4 25. Bxf4 Bf6 26. Be3 Rb8 27. Qxa7 Rb4 28. h3 Bxd4 29. Bxd4 Rxd4 30. Qc7 Re4 31. a5 Re7 32. Qd6 Re6 33. Qf4 Re4 34. Qd2 Qe5 35. Qd1 Rd4 36. Qf1 Qb8 37. a6 Qa7 38. Qb1 Re4 39. Qb7 Re7 40. Qxe7 1-0

[Event "Ivy League Chess Challenge"]
[Site "Toronto CAN"]
[Date "2018.11.10"]
[Round "3.1"]
[White "Bora, Safal"]
[Black "Wang, Richard"]
[Result "1-0"]
[WhiteElo "2392"]
[BlackElo "2332"]
[PlyCount "125"]
[GameId "2160767908052153"]
[EventDate "2018.11.09"]
[EventType "team"]
[EventRounds "5"]
[EventCountry "CAN"]
[SourceTitle "CBM 187 Extra"]
[Source "ChessBase"]
[SourceDate "2018.11.04"]
[SourceVersion "1"]
[SourceVersionDate "2018.11.04"]
[SourceQuality "1"]
[WhiteTeam "Michigan Univ"]
[BlackTeam "Harvard Univ"]
[WhiteTeamCountry "USA"]
[BlackTeamCountry "USA"]

1. Nf3 d5 2. g3 Nf6 3. Bg2 Bg4 4. O-O Nbd7 5. d4 e6 6. Nbd2 Bd6 7. Re1 O-O 8. e4 dxe4 9. Nxe4 Nxe4 10. Rxe4 Bh5 11. c3 c6 12. Qb3 Qc7 13. Nd2 b5 14. Re1 Bg6 15. Ne4 Bxe4 16. Bxe4 Rab8 17. Qd1 c5 18. dxc5 Nxc5 19. Bf3 h6 20. Qe2 Rfd8 21. Be3 Nd7 22. Rad1 a5 23. Be4 Nf6 24. Bb1 Bc5 25. Bf4 Bd6 26. Bc1 Qc6 27. Rd4 Bc5 28. Rd3 Rxd3 29. Bxd3 b4 30. cxb4 axb4 31. Bf4 Rd8 32. Rc1 Qb6 33. Rd1 Bd4 34. Kg2 Qc6+ 35. Qf3 Qxf3+ 36. Kxf3 Kf8 37. Bc7 Rd7 38. Bb5 Rd5 39. Bc4 Rf5+ 40. Ke2 Rxf2+ 41. Ke1 Ba7 42. Bb8 Bb6 43. Rd6 Be3 44. Rd8+ Ke7 45. Rd3 Ng4 46. Bd6+ Kf6 47. Rxe3 Nxe3 48. Kxf2 Nxc4 49. Bxb4 Kf5 50. b3 Nb6 51. Bf8 g6 52. Bxh6 Ke4 53. Ke2 Nd5 54. Bd2 f5 55. a4 Kd4 56. b4 e5 57. b5 f4 58. gxf4 exf4 59. a5 Kc5 60. b6 Kc6 61. Kf3 g5 62. Kg4 Nf6+ 63. Kxg5 1-0

[Event "Ivy League Chess Challenge"]
[Site "Toronto CAN"]
[Date "2018.11.10"]
[Round "4.3"]
[White "Zhou, Qiyu"]
[Black "Wang, Richard"]
[Result "1/2-1/2"]
[WhiteElo "2227"]
[BlackElo "2332"]
[PlyCount "20"]
[GameId "2160767908052177"]
[EventDate "2018.11.09"]
[EventType "team"]
[EventRounds "5"]
[EventCountry "CAN"]
[SourceTitle "CBM 187 Extra"]
[Source "ChessBase"]
[SourceDate "2018.11.04"]
[SourceVersion "1"]
[SourceVersionDate "2018.11.04"]
[SourceQuality "1"]
[WhiteTeam "Toronto Univ II"]
[BlackTeam "Harvard Univ"]
[WhiteTeamCountry "CAN"]
[BlackTeamCountry "USA"]

1. e4 c5 2. Nf3 g6 3. d4 cxd4 4. Nxd4 Nc6 5. Nc3 Bg7 6. Be3 Nf6 7. Bc4 O-O 8. Bb3 d6 9. h3 Bd7 10. O-O Rc8 1/2-1/2